000 00660cab a2200217 4500
001 X1492
008 090401t1984 xxu||||| |||| 00| 0 eng d
035 _a(Sirsi) u17382
041 _aeng
245 _aSurveyors holdings has a change of name
260 _c1984
350 _a0
490 _aCSM (Chartered Surveyor Monthly)
_v3(8) May 1984 10(1)
520 _aSurveyors Holdings Ltd became know as RICS Business Services Ltd from 25 March 1994.
650 _aRICS BUSINESS SERVICES LTD
650 _aRICS
650 _aSURVEYORS HOLDINGS LTD
690 _aMANAGEMENT-BUSINESS MANAGEMENT-PROFESSIONAL PRACTICE
942 _n0
948 _c04/03/1997
999 _c11526
_d11526